Jądro ciemności /

-д хадгалсан:
Номзүйн дэлгэрэнгүй
Үндсэн зохиолч: Conrad, Joseph (1857-1924)
Байгууллагын зохиогч: Wydawnictwo Greg
Бусад зохиолчид: Zagórska, Aniela (1881-1943) (Tłumaczenie), Popławska, Anna (literatura) (Opracowanie), Ludwikowska, Jolanta (1962- ) (Ilustracje)
Формат: Ном
Хэл сонгох:польш
англи
Хэвлэсэн: Kraków : Wydawnictwo Greg, 2005.
Цуврал:Lektura (Greg)
Нөхцлүүд:
Шошгууд: Шошго нэмэх
Шошго байхгүй, Энэхүү баримтыг шошголох эхний хүн болох!

MARC

LEADER 00000cam a2200000 i 4500
001 9910852595405606
005 20260515140225.0
008 060530s2005 pl a |001 j pol c
020 |a 8373274197 
035 |a 1421843-48omnis_uja 
035 |a (UJ)vtls001421843 
035 |a zz2006768510 
035 |a (PL)b0000010649762 
040 |a KR U  |c KR U  |d KOSZ W 
041 1 |a pol  |h eng 
080 |a 821.111-3  |a 821.111(091)-3"19" 
090 |c 43  |d 42 
100 |a Conrad, Joseph  |d (1857-1924) 
240 1 |a Heart of darkness  |l (pol.) 
245 1 0 |a Jądro ciemności /  |c Joseph Conrad ; tłumaczenie Aniela Zagórska ; opracowała Anna Popławska ; [ilustracje Jolanta Adamus Ludwikowska]. 
246 1 0 |i Tytuł oryginału:  |a Heart of darkness 
260 |a Kraków :  |b Wydawnictwo Greg,  |c 2005. 
300 |a 96 stron :  |b ilustracje ;  |c 21 cm. 
490 1 |a Lektura : wydanie z opracowaniem 
500 |a Na s. tyt.: Notatki na marginesie, cytaty, które warto znać, streszczenie. 
504 |a Indeks. 
600 |a Charles Marlow  |c (postać fikcyjna) 
650 |a Kolonializm 
650 7 |a Język polski (przedmiot szkolny) 
650 7 |a Literatura angielska 
651 7 |a Kongo 
700 |a Zagórska, Aniela  |d (1881-1943)  |e Tłumaczenie 
700 1 |a Popławska, Anna  |c (literatura).  |e Opracowanie 
700 1 |a Ludwikowska, Jolanta  |d (1962- )  |e Ilustracje 
710 2 |a Wydawnictwo Greg 
830 0 |a Lektura (Greg) 
920 1 |a 83-7327-419-7 
942 |c K 
952 |0 0  |1 0  |4 0  |6 R__23_000000000000000  |7 0  |9 41  |a RYT  |b RYT  |d 2026-03-17  |e 1/2026  |g 10.00  |l 0  |o R.23  |p 2000000000237  |r 2026-05-15 14:02:25  |w 2026-05-15  |y BK  |z da 
999 |c 41  |d 41